Normal view MARC view
  • Anesthesia, Conduction

Entry Topical Term

Number of records used in: 1

001 - CONTROL NUMBER

  • control field: 126675

003 - CONTROL NUMBER IDENTIFIER

  • control field: NUST

005 - DATE AND TIME OF LATEST TRANSACTION

  • control field: 20241031125658.0

008 - FIXED-LENGTH DATA ELEMENTS

  • fixed length control field: 241031|| aca||aabn | a|a d

040 ## - CATALOGING SOURCE

  • Original cataloging agency: NUST
  • Transcribing agency: NUST

150 ## - HEADING--TOPICAL TERM

  • Topical term or geographic name entry element: Anesthesia, Conduction

670 ## - SOURCE DATA FOUND

  • Source citation: Work cat.: (NUST): Wildsmith & Armitage's principles and practice of regional anaesthesia /, 2013
© 2023 Central Library, National University of Sciences and Technology. All Rights Reserved.